00416 a2200157 450000500170000001000130001702000100003003500130004003700090005308200080006210000220007024500480009226000420014027000540018230000220023620240530161653.0 aB-759283 c60.00 aB-759283 bGift a480 aPoolabala, Venkat aVocabulary with Cartoons/cVenkat Poolabala aVijaywadabDeepthi Prachuranaluc2014 a27-20-46 museum road Governor Pet bVijayawadae2 a103 p.c21 cm(Pb)